|
|
|
|
| LEADER |
00000naa2a2200000 4500 |
| 001 |
210116 |
| 005 |
20260219113712.0 |
| 035 |
|
|
|a (RuTPU)RU\TPU\book\229486
|
| 035 |
|
|
|a RU\TPU\book\229464
|
| 090 |
|
|
|a 210116
|
| 100 |
|
|
|a 20120220d2011 k y0rusy50 ca
|
| 101 |
0 |
|
|a rus
|
| 102 |
|
|
|a RU
|
| 200 |
1 |
|
|a Тепломассоперенос на начальном участке свободно стекающей пленки: абсорбция, десорбция, конденсация, испарение
|f В. Е. Накоряков, Н. И. Григорьева, М. В. Барташевич
|
| 320 |
|
|
|a Библиогр.: с. 71 (4 назв.)
|
| 463 |
|
1 |
|0 (RuTPU)RU\TPU\book\222590
|t Теплофизические основы энергетических технологий
|o сборник научных трудов II Всероссийской научно-практической конференции с международным участием, 6-8 октября 2011 г., Томск
|f Национальный исследовательский Томский политехнический университет (ТПУ) ; ред. коллегия: Г. В. Кузнецов [и др.]
|v С. 68-71
|d 2011
|
| 700 |
|
1 |
|a Накоряков
|b В. Е.
|c физик
|c директор Института теплофизики СО РАН
|c выпускник ТЭФ Томского политехнического университета 1958 г.
|f 1935-
|g Владимир Елиферьевич
|3 (RuTPU)RU\TPU\pers\29240
|
| 701 |
|
1 |
|a Григорьева
|b Н. И.
|
| 701 |
|
1 |
|a Барташевич
|b М. В.
|
| 801 |
|
1 |
|a RU
|b 63413507
|c 20120216
|
| 801 |
|
2 |
|a RU
|b 63413507
|c 20151204
|g RCR
|
| 942 |
|
|
|c BK
|